Top 50 most unemployed countries - Statistics

General Stats
  • This quiz has been taken 370 times
  • The average score is 23 of 50
Answer Stats
Rank % Counttry % Correct
24 19.5 Sudan
67%
37 14.9 Syria
65%
31 16.4 Iraq
63%
46 12.8 Egypt
62%
30 16.8 Ethiopia
62%
15 24.5 South Africa
62%
6 40.0 Kenya
61%
2 46.1 D.R. Congo
60%
29 17.0 Mozambique
59%
11 26.6 R. Congo
59%
23 19.5 Libya
58%
12 26.0 Angola
57%
16 24.4 Greece
57%
8 29.0 Yemen
56%
5 40.0 Afghanistan
55%
43 13.3 Zambia
55%
10 28.1 Namibia
54%
38 14.5 Eritrea
53%
14 24.6 Lesotho
53%
21 20.0 Botswana
52%
17 22.3 Equatorial Guinea
50%
20 21.0 Spain
50%
4 40.6 Haiti
48%
42 13.4 Senegal
48%
26 17.9 Serbia
48%
35 15.4 Tunisia
48%
45 12.9 Mauritania
46%
49 12.2 Portugal
46%
32 16.0 Gabon
45%
36 15.0 Oman
45%
27 17.7 Albania
44%
1 54.0 Djibouti
43%
40 13.6 Jordan
42%
3 42.8 Bosnia
41%
7 35.3 Kosovo
41%
28 17.2 Croatia
40%
18 22.0 Gambia
40%
13 25.3 Macedonia
39%
25 18.3 Montenegro
37%
47 12.6 Slovenia
35%
22 19.6 Armenia
34%
9 28.5 Swaziland
34%
48 12.4 Georgia
33%
50 12.1 Cyprus
30%
44 13.1 Jamaica
28%
41 13.6 Sao Tome
27%
33 15.8 Cape Verde
26%
39 14.0 Dominican Rep
24%
19 21.0 Guyana
22%
34 15.7 Bahamas
19%
No matching quizzes found
Score Distribution
Percent of People with Each Score
Percentile by Number Answered
Your Score History
You have not taken this quiz